| 000 | 00702nam a2200217Ia 4500 | ||
|---|---|---|---|
| 008 | 191130s2004##################000#0#eng## | ||
| 020 | _a9780195159004 | ||
| 022 | _a2003015483 | ||
| 040 |
_aACL _cACL |
||
| 082 | _a332.10681 WAL | ||
| 100 | _aWalter, Ingo | ||
| 245 |
_aMergers and acquisitions in banking and finance : what works, what fails, and why _cIngo Walter |
||
| 260 |
_aOxford _bOxford University Press _c2004 |
||
| 300 | _aix, 307 p. : ill. ; 24 cm | ||
| 500 | _aIncludes bibliographical references (p. 289-299) and index | ||
| 650 | _aBank mergers | ||
| 650 | _aFinancial institutions - Mergers | ||
| 990 | _aa720b7d3ac10000c1640c29da6eb28c8 | ||
| 991 | _a417887 | ||
| 999 |
_c9097 _d9097 |
||